000 00743nam a22002657a 4500
001 BR8305728
003 BR-BrBNA
005 20230928091812.0
007 ta
008 230509b bl.||||| |||| 00| 0 por d
040 _aBR-BrBNA
_bpor
_cBiblioteca Nacional de Agricultura
041 _a(Por)
072 _aE71; E72
_b9917
090 _ 9917 BR8305728
100 1 _aBarroco, H.E.
110 1 _aComissao Executiva do Plano da Lavoura Cacaueira, Ilheus, BA (Brasil)
_92106
245 1 _aO mercado de chocolate e suas divergencias estatisticas
260 3 _aIlheus, BA (Brasil):
_c1983.
300 _a13 p.
500 _a5 tables
650 _aCHOCOLATE
650 _aCOMERCIO
909 _a202309
_bLucia
_c55
_dLucia Elande
942 _cBK
999 _c35598
_d35598